Banking Law and Practice (Record no. 33646)

MARC details
000 -LEADER
fixed length control field 00348nam a22001457a 4500
005 - DATE AND TIME OF LATEST TRANSACTION
control field 20230922153553.0
008 - FIXED-LENGTH DATA ELEMENTS--GENERAL INFORMATION
fixed length control field 230919b |||||||| |||| 00| 0 eng d
082 ## - DEWEY DECIMAL CLASSIFICATION NUMBER
Classification number 332.17
Item number BAN
245 ## - TITLE STATEMENT
Title Banking Law and Practice
260 ## - PUBLICATION, DISTRIBUTION, ETC.
Place of Publication Pakistan
Name of publisher, distributor, etc. IBP Publishing
Date of publication, distribution, etc. 2002
300 ## - PHYSICAL DESCRIPTION
Pages 156
500 ## - GENERAL NOTE
General note Include Index
650 ## - SUBJECT ADDED ENTRY--TOPICAL TERM
Subject / Department Economics

No items available.

Powered by Koha